000 00896nam a2200301Ia 4500
001 1114
003 IT-RoPAU
008 130308s9999 xx 000 0 und d
040 _aIT-RoPAU
040 _cIT-RoPAU
041 _aITALIANO
100 _aAA.VV.
100 _gCodice Aut. SPICS: 12000
245 _aCinque interventi sul teatro in Italia e sul teatro politico di Dario Fo
245 _bAttento Te...!-Il Teatro Politico di Dario Fo
250 _a1a ed.
260 _aVERONA
260 _bBertani
260 _c1975 [1° Ed.:1975 - Ed.Ling.Originale:1975]
300 _a"49 p. (prefazione: no ; testo: 49 [pagine: 15-63])"
500 _aInterventi di Giuliano Scabia Paolo Puppa Marisa Tancredi Roberto Alonge Goffredo Fofi
650 _aAUTORI/OPERE DI TEATRO
650 _eCodice materia Spics: 8407
942 _cBK
957 _71
999 _c61556
_d61556
999 _bSI
999 _g1